000 00812nam a2200253Ia 4500
003 OSt
005 20220923222951.0
006 a|||||r|||| 00| 0
007 ta
008 220922b |||||||| |||| 00| 0 hin d
024 _a209,270
037 _cTextual
040 _aARTS
_cARTS
_bhin
041 _2hin
_ahin
082 _aO152,3N553x, M6
100 _aदास, मंजुला
245 0 _aअभी तो और जीना है
246 _aAbhī to aur jīnā hai
260 _aनई दिल्ली
_b ऋषभचरण जैन एंव सन्नति
_c1986
300 _a87पृ.
_ccm.
650 _aहिन्दी साहित्य
_9156264
942 _hO152,3N553x, M6
_cTEXL
_2CC
999 _c359843
_d359843